| 000 | 00786nam a22002055i 4500 | ||
|---|---|---|---|
| 001 | 161991 | ||
| 003 | ES-MaACL | ||
| 005 | 20250929063234.0 | ||
| 008 | 041103s1883 fr |||| | fre d | ||
| 040 |
_aCAM _bspa _cCAM |
||
| 100 | 1 |
_aPetit, Auguste-Pierre, _dn. 1836 _9131068 |
|
| 245 | 1 | 3 |
_aLa photographie artistique _b: paysages, architecture, groupes et animaux / _cpar A. Pierre Petit fils. |
| 260 |
_aParis : _bGauthier-Villars, imprimeur-libraire, _c1883. |
||
| 300 |
_a46 p. ; _c19 cm. |
||
| 490 | 1 | _aBibliothèque photographique | |
| 650 | 7 |
_aFotografía _2embne _912943 |
|
| 830 | 0 |
_aBibliothèque photographique _9188138 |
|
| 852 |
_aES-MaACL _jT-486 bis-F-3 _z-- Enc. hol., conservando la cub. original _z-- Enc. en un vol. facticio |
||
| 999 |
_c161991 _d161991 |
||